Queen - Now I'm Here - Lyrics - Statistics

General Stats
  • This quiz has been taken 29 times
  • The average score is 178 of 233
Answer Stats
Lyrics % Correct
a,
100%
a
100%
A
100%
her
100%
Here
100%
(Here
100%
here.
100%
here.)
100%
I
100%
'n'
100%
no
100%
Now
100%
(Now
100%
you
100%
you.
100%
I'm
96%
the
96%
me.
92%
me
92%
me,
92%
me)
92%
new
92%
stand.
92%
stand.)
92%
there.
92%
there.)
92%
around,
88%
around.
88%
around)
88%
Look
88%
to
88%
just
85%
again.
81%
be.
81%
Down
81%
down
81%
(Down
81%
in
81%
love
81%
man.
81%
so?
81%
so?)
81%
so.
81%
But
77%
city
77%
live
77%
my
77%
when
77%
And
73%
and
73%
Don't
73%
don't
73%
(Don't
73%
of
73%
on
73%
see
73%
thin
73%
America's
69%
baby
69%
baby,
69%
bride
69%
made
69%
took
69%
was
69%
hand.
65%
won't
65%
worry
65%
(Go,
62%
go,
62%
go
62%
light
62%
she
62%
sky.
62%
understand.
62%
Whatever
62%
With
62%
with
62%
Yes,
62%
your
62%
Your
62%
came
58%
dungeon
58%
him
58%
move,
58%
night
58%
safe
58%
sound.
58%
stay
58%
still
58%
up
58%
Yes,
58%
didn't
54%
face.
54%
I'll
54%
knew
54%
name
54%
people
54%
Think
54%
(Think
54%
bright.
50%
eye.
50%
feel
50%
Hoople
50%
many
50%
memory
50%
moon
50%
pain.
50%
rain
50%
running
50%
smoke-screen
50%
burned
46%
chase.
46%
comes
46%
I'd
46%
peaches
46%
sight.
46%
speak,
46%
tear
46%
Where
46%
all
38%
beams
38%
leave
38%
little
38%
lives
38%
matches
38%
love-light
31%
queenie!)
31%
stared
31%
as
23%
No matching quizzes found
Score Distribution
Percent of People with Each Score
Percentile by Number Answered
Your Score History
You have not taken this quiz